Les buteurs de l'Espagne au Championnat d'Europe de football 2020 - Statistiques

Statistiques générales
  • Ce quiz a été pris 64 fois
  • Le résultat moyen est 6 sur 10
Statistiques - réponses
Match Minute Buteur % Correct
Espagne - Pologne 1-0 77' Álvaro Morata
100%
100' Álvaro Morata
100%
Italie - Espagne 1-1 (a.p.) (4-2 Tirs au but) 80' Álvaro Morata
100%
67' Ferrán Torres
68%
77' Ferrán Torres
68%
103' Mikel Oyarzabal
50%
Slovaquie - Espagne 0-5 45+3' Aymeric Laporte
38%
56' Pablo Sarabia
25%
Croatie - Espagne 3-5 (a.p.) 38' Pablo Sarabia
25%
54' César Azpilicueta
9%
Aucun quiz correspondant
Distribution des résultats
% des personnes avec chaque résultat
Percentile par nombre de réponses
Votre historique - résultats
Vous n’avez pas pris ce quiz